From the ground up : (Record no. 18428)

000 -LEADER
fixed length control field 00800cam a22002174a 4500
020 ## - INTERNATIONAL STANDARD BOOK NUMBER
ISBN 9780896291799 (alk. paper)
020 ## - INTERNATIONAL STANDARD BOOK NUMBER
ISBN 0896291790 (alk. paper)
040 ## - CATALOGING SOURCE
Transcribing agency DLC
082 00 - DEWEY DECIMAL CLASSIFICATION NUMBER
Classification number 338 INT 2010 C145 Or.
245 00 - TITLE STATEMENT
Title From the ground up :
Remainder of title impacts of a pro-poor community-driven development project in Nigeria /
246 30 - VARYING FORM OF TITLE
Title proper/short title Impacts of a pro-poor community-driven development project in Nigeria
260 ## - PUBLICATION, DISTRIBUTION, ETC. (IMPRINT)
Place of publication Washington, D.C. :
Name of publisher International Food Policy Research Institute,
Year of publication 2010.
300 ## - PHYSICAL DESCRIPTION
Number of Pages xiv, 77 p. :
Other physical details ill., map ;
Dimensions 23 cm.
490 1# - SERIES STATEMENT
Series statement IFPRI research monograph
650 #0 - SUBJECT ADDED ENTRY--TOPICAL TERM
Topical Term Agricultural development projects
650 #0 - SUBJECT ADDED ENTRY--TOPICAL TERM
Topical Term Economic development
650 #0 - SUBJECT ADDED ENTRY--TOPICAL TERM
Topical Term Poverty
700 1# - ADDED ENTRY--PERSONAL NAME
Personal name Nkonya, Ephraim.
710 2# - ADDED ENTRY--CORPORATE NAME
Corporate name or jurisdiction name as entry element International Food Policy Research Institute.
942 ## - ADDED ENTRY ELEMENTS (KOHA)
Koha item type ADB
952 ## - LOCATION AND ITEM INFORMATION (KOHA)
Withdrawn status [LOCAL, KOHA] 0
Holdings
Source of acquisition Permanent Location Date acquired Koha item type Lost status Shelving location Current Location Full call number
A36366Library Block C2019-11-29សៀវភៅភាសាអង់គ្លេស C145Library Block C338 INT 2010 C145 Or.
មជ្ឈមណ្ឌលឯការនៃសាកលវិទ្យាល័យភូមិន្ទកសិកម្មចំការដូង

Powered by Koha